[Event "Championnat de France des Jeunes - Pous"]
[Site "LA ROCHE SUR YON"]
[Date "2008.04.25"]
[Round "6.2"]
[White "Baldi, Valentine"]
[Black "Imperor, Lorene"]
[Result "0-1"]
[WhiteElo "1400"]
[BlackElo "1530"]
[Annotator "Salaun,Michel"]
[PlyCount "130"]
[EventDate "2008.04.25"]
[EventType "swiss"]
[EventRounds "5"]
[EventCountry "FRA"]

1. d4 d5 2. c4 c6 3. e3 Nf6 4. Nf3 e6 5. Nc3 Nbd7 6. Bd3 dxc4 7. Bxc4 b5 8. Bd3
a6 9. O-O Be7 10. Bc2 O-O 11. Qd3 Bb7 12. e4 g6 13. e5 Nd5 14. Nxd5 exd5 15.
Bh6 Re8 16. Qe3 c5 17. Bf4 cxd4 18. Qxd4 Bc5 19. Qc3 Rc8 20. Qd2 Qb6 21. Rad1
Nf8 22. a3 Ne6 23. Bh6 Red8 24. b4 Be7 25. Be3 Qc7 26. Bb3 Qc3 27. Qd3 Qxd3 28.
Rxd3 Rb8 29. Rfd1 Nc7 30. Bb6 Rbc8 31. Bxc7 Rxc7 32. h3 Rcd7 33. Ne1 Bg5 34.
Rd4 f6 35. e6 Re7 36. Bxd5 Bxd5 37. Rxd5 Rxd5 38. Rxd5 Rxe6 39. Rd8+ Kg7 40.
Nf3 Bc1 41. Rd3 Re2 42. Rd6 Bxa3 43. Rxa6 Bxb4 44. Rb6 Bc5 45. Rb7+ Kh6 46.
Rxb5 Bxf2+ 47. Kf1 Rc2 48. Rb6 Bxb6 49. h4 g5 50. hxg5+ fxg5 51. Ne5 Rf2+ 52.
Kg1 Rf5+ 53. Kh2 Rxe5 54. Kh3 Bc7 55. g3 Re3 56. Kg2 Rxg3+ 57. Kf2 Ra3 58. Ke2
Ba5 59. Kf2 Kh5 60. Ke2 Kg4 61. Kf2 h5 62. Ke2 Kf4 63. Kf2 Ra2+ 64. Kf1 Kg3 65.
Kg1 Ra1# 0-1

[Event "Championnat de France des Jeunes - Pous"]
[Site "LA ROCHE SUR YON"]
[Date "2008.04.27"]
[Round "7.10"]
[White "Wojnowska, Natalia"]
[Black "Moisset, Lola"]
[Result "1-0"]
[WhiteElo "1340"]
[BlackElo "1210"]
[Annotator "Salaun,Michel"]
[PlyCount "113"]
[EventDate "2008.04.25"]
[EventType "swiss"]
[EventRounds "5"]
[EventCountry "FRA"]

1. e4 e5 2. d4 exd4 3. Qxd4 Nc6 4. Qe3 Nb4 5. Qb3 Qe7 6. Nc3 Qe6 7. Qxe6+ dxe6
8. Bd3 Bd7 9. a3 Nxd3+ 10. cxd3 O-O-O 11. Nf3 Nf6 12. O-O Bc6 13. Ne5 Be8 14.
b4 Nd7 15. Nxd7 Rxd7 16. Rd1 e5 17. Be3 a6 18. Nd5 Kb8 19. a4 c6 20. Nb6 Rd8
21. b5 cxb5 22. axb5 Bxb5 23. Nd5 Rc8 24. d4 exd4 25. Bxd4 Bc5 26. Bxg7 Rhg8
27. Bd4 Bxd4 28. Rxd4 Rc4 29. Rxc4 Bxc4 30. Nb6 Bb5 31. Rc1 Rd8 32. e5 Re8 33.
f4 Ka7 34. Nc8+ Kb8 35. Nd6 Rf8 36. f5 f6 37. e6 a5 38. Nxb5 Rc8 39. Rxc8+ Kxc8
40. Nd6+ Kd8 41. Nxb7+ Ke7 42. Nxa5 h5 43. Kf2 h4 44. Kf3 h3 45. gxh3 Ke8 46.
Ke4 Ke7 47. Kd5 Ke8 48. Kd6 Kd8 49. e7+ Ke8 50. h4 Kf7 51. Kd7 Kg8 52. e8=Q+
Kh7 53. Qg6+ Kh8 54. Qxf6+ Kg8 55. Qe7 Kh8 56. f6 Kg8 57. Qg7# 1-0

[Event "Championnat de France des Jeunes - Pous"]
[Site "LA ROCHE SUR YON"]
[Date "2008.04.25"]
[Round "6.1"]
[White "Auvray, Honorine"]
[Black "Jacob, Eva"]
[Result "1-0"]
[WhiteElo "1716"]
[BlackElo "1470"]
[Annotator "Salaun,Michel"]
[PlyCount "87"]
[EventDate "2008.04.25"]
[EventType "swiss"]
[EventRounds "5"]
[EventCountry "FRA"]

1. e4 c5 2. Nf3 a6 3. d4 cxd4 4. Nxd4 Nf6 5. Nc3 e5 6. Nb3 Bb4 7. Bd3 d5 8.
exd5 Nxd5 9. Bd2 Bxc3 10. bxc3 Nc6 11. O-O b6 12. Be4 Bb7 13. Qf3 Nce7 14. c4
Rc8 15. cxd5 Nxd5 16. Rac1 b5 17. Na5 Ba8 18. c4 Nf6 19. Bxa8 Qxd2 20. Bc6+ Kf8
21. Qa3+ Kg8 22. Qc3 Qg5 23. Rfd1 g6 24. Qd2 Qh4 25. cxb5 axb5 26. Bxb5 Ra8 27.
Nb3 Kg7 28. a4 Rhd8 29. Qe2 Rxd1+ 30. Rxd1 e4 31. Nc5 Rc8 32. Nb7 Rc7 33. Nd6
Rc5 34. a5 Rc7 35. a6 Kf8 36. Qa2 Qf4 37. a7 Rxa7 38. Qxa7 Kg7 39. Qxf7+ Kh6
40. Nxe4 Ng4 41. Qxf4+ Kg7 42. Rd7+ Kg8 43. Qf7+ Kh8 44. Qxh7# 1-0

[Event "Championnat de France des Jeunes - Pous"]
[Site "LA ROCHE SUR YON"]
[Date "2008.04.25"]
[Round "6.4"]
[White "Quelennec, Amelie"]
[Black "Wojnowska, Natalia"]
[Result "1-0"]
[WhiteElo "1400"]
[BlackElo "1340"]
[Annotator "Salaun,Michel"]
[PlyCount "123"]
[EventDate "2008.04.25"]
[EventType "swiss"]
[EventRounds "5"]
[EventCountry "FRA"]

1. b3 Nf6 2. Bb2 d5 3. Nf3 c5 4. e3 Nc6 5. Bb5 Bd7 6. d3 Qa5+ 7. Nc3 d4 8. Bxc6
dxc3 9. Bxd7+ Nxd7 10. Bc1 e6 11. O-O Bd6 12. Re1 O-O-O 13. Ng5 Rdf8 14. Re2
Qc7 15. f4 Be7 16. Ne4 Qa5 17. Qe1 Bf6 18. Nd6+ Kb8 19. Nc4 Qc7 20. e4 Bd4+ 21.
Kh1 b5 22. Na3 a6 23. Nb1 b4 24. a3 Qb6 25. Be3 Bxe3 26. Rxe3 h6 27. Qg3 Rfg8
28. axb4 cxb4 29. Qf2 f6 30. Re2 Qxf2 31. Rxf2 Kb7 32. Ra4 a5 33. Rxa5 Kb6 34.
Ra4 Kb5 35. g4 g5 36. f5 e5 37. Kg2 Ra8 38. Rxa8 Rxa8 39. Kf3 Ra1 40. Rf1 Nb8
41. Ke3 Nc6 42. Nxc3+ bxc3 43. Rxa1 Nd4 44. Ra2 Nc6 45. Ra4 Nd4 46. Rxd4 exd4+
47. Kxd4 Kc6 48. Kxc3 Kc5 49. d4+ Kc6 50. Kc4 Kd6 51. b4 Kc6 52. d5+ Kc7 53.
Kc5 Kd7 54. b5 Kc7 55. d6+ Kb7 56. b6 Kc8 57. Kc6 Kd8 58. b7 Ke8 59. b8=Q+ Kf7
60. Qc7+ Kg8 61. d7 h5 62. d8=Q# 1-0

[Event "Championnat de France des Jeunes - Pous"]
[Site "LA ROCHE SUR YON"]
[Date "2008.04.25"]
[Round "6.5"]
[White "Raihauti, Mataheitini"]
[Black "Le Berre, Audrey"]
[Result "1/2-1/2"]
[WhiteElo "1009"]
[BlackElo "1390"]
[Annotator "Salaun,Michel"]
[PlyCount "74"]
[EventDate "2008.04.25"]
[EventType "swiss"]
[EventRounds "5"]
[EventCountry "FRA"]

1. e4 c5 2. Nf3 g6 3. d4 cxd4 4. Qxd4 Nf6 5. Nc3 Nc6 6. Qd1 Bg7 7. Bb5 Qc7 8.
O-O a6 9. Ba4 b5 10. Bb3 O-O 11. Bg5 Re8 12. Qd2 d6 13. h3 b4 14. Nd5 Nxd5 15.
Qxd5 Be6 16. Qd2 Bxb3 17. axb3 Bxb2 18. Rad1 Bg7 19. Bh6 Rad8 20. Bxg7 Kxg7 21.
c3 bxc3 22. Qxc3+ e5 23. Rc1 Rc8 24. Rfd1 Re7 25. Rc2 Nb4 26. Qxc7 Rcxc7 27.
Rxc7 Rxc7 28. Rxd6 Rc3 29. Nxe5 Rxb3 30. Rb6 a5 31. Nc6 Rb2 32. Nxa5 Nd3 33.
Rxb2 Nxb2 34. e5 Nd3 35. Nc6 h5 36. g4 hxg4 37. hxg4 g5 1/2-1/2

[Event "Championnat de France des Jeunes - Pous"]
[Site "LA ROCHE SUR YON"]
[Date "2008.04.25"]
[Round "6.3"]
[White "Duffaud, Celia"]
[Black "Joudelat, Noemie"]
[Result "0-1"]
[WhiteElo "1400"]
[BlackElo "1540"]
[Annotator "Salaun,Michel"]
[PlyCount "58"]
[EventDate "2008.04.25"]
[EventType "swiss"]
[EventRounds "5"]
[EventCountry "FRA"]

1. e4 c5 2. Nf3 Nc6 3. d4 cxd4 4. Nxd4 g6 5. Nc3 Bg7 6. Be3 d6 7. Be2 Nf6 8.
Bb5 Bd7 9. O-O O-O 10. Bxc6 Bxc6 11. Qd2 Bxe4 12. Bh6 Bxh6 13. Qxh6 Qb6 14.
Rad1 Qxb2 15. Nxe4 Nxe4 16. Rfe1 Nf6 17. Rxe7 Rfe8 18. Rxe8+ Rxe8 19. Qh4 Qc3
20. h3 Kg7 21. Rd3 Qa1+ 22. Kh2 Re4 23. Qg5 Rxd4 24. Rf3 Rd1 25. Kg3 Ne4+ 26.
Kg4 Nxg5 27. Kxg5 Qe5+ 28. Kg4 Rd4+ 29. Rf4 Qxf4# 0-1

[Event "Championnat de France des Jeunes - Pous"]
[Site "LA ROCHE SUR YON"]
[Date "2008.04.25"]
[Round "6.6"]
[White "Thomas, Apolline"]
[Black "Thami, Meissane"]
[Result "0-1"]
[WhiteElo "1100"]
[BlackElo "1370"]
[Annotator "Salaun,Michel"]
[PlyCount "38"]
[EventDate "2008.04.25"]
[EventType "swiss"]
[EventRounds "5"]
[EventCountry "FRA"]

1. e4 e6 2. d4 d5 3. exd5 exd5 4. Nf3 Nf6 5. Be3 Bd6 6. Nc3 Be6 7. Bd3 O-O 8.
O-O Nc6 9. Bg5 h6 10. Bxf6 Qxf6 11. Qd2 Bg4 12. Qe3 Rae8 13. Qd2 Bxf3 14. gxf3
Nxd4 15. Qc1 Nxf3+ 16. Kg2 Re5 17. Rd1 Rg5+ 18. Kf1 Re8 19. a4 Nxh2# 0-1

[Event "Championnat de France des Jeunes - Pous"]
[Site "LA ROCHE SUR YON"]
[Date "2008.04.25"]
[Round "6.7"]
[White "Pauvert, Gabrielle"]
[Black "Afraoui, Anaelle"]
[Result "1-0"]
[WhiteElo "1350"]
[BlackElo "1280"]
[Annotator "Salaun,Michel"]
[PlyCount "121"]
[EventDate "2008.04.25"]
[EventType "swiss"]
[EventRounds "5"]
[EventCountry "FRA"]

1. e4 e5 2. Nf3 Nc6 3. Bb5 a6 4. Ba4 Nf6 5. O-O Bc5 6. Re1 d6 7. h3 Be6 8. c3
O-O 9. d4 exd4 10. cxd4 Bb4 11. Nc3 Bxc3 12. bxc3 d5 13. e5 Ne4 14. Qd3 f6 15.
Ba3 Rf7 16. Bc2 Qe8 17. Nh2 Rd7 18. Nf1 Qg6 19. Qf3 Rf7 20. Ng3 fxe5 21. Bxe4
dxe4 22. Qxe4 Qg5 23. Rab1 Qf6 24. Rf1 Bc4 25. Ne2 Bxe2 26. Qxe2 exd4 27. cxd4
Nxd4 28. Qe4 Nf5 29. Qxb7 Re8 30. Bb2 Qg6 31. Rbc1 Nh4 32. g3 Nf3+ 33. Kg2 Re6
34. Rxc7 Rxc7 35. Qxc7 Nd2 36. Rd1 Re2 37. Qd8+ Qe8 38. Qxe8+ Rxe8 39. Rxd2 Rb8
40. Be5 Rb1 41. Rd7 Rb4 42. a3 Ra4 43. Rxg7+ Kf8 44. Bb2 Ra5 45. Rxh7 Rb5 46.
Bc3 Rb3 47. Bb4+ Kg8 48. Ra7 Kh8 49. h4 Rd3 50. g4 Rd5 51. f4 Rd4 52. Kf3 Rd5
53. h5 Kg8 54. g5 Rf5 55. Kg4 Rd5 56. f5 a5 57. Bxa5 Rd6 58. h6 Kh8 59. g6 Rf6
60. Kg5 Rf8 61. g7+ 1-0

[Event "Championnat de France des Jeunes - Pous"]
[Site "LA ROCHE SUR YON"]
[Date "2008.04.25"]
[Round "6.8"]
[White "Susini, Noelia"]
[Black "Malassagne, Isabelle"]
[Result "1-0"]
[WhiteElo "1280"]
[BlackElo "1009"]
[Annotator "Salaun,Michel"]
[PlyCount "35"]
[EventDate "2008.04.25"]
[EventType "swiss"]
[EventRounds "5"]
[EventCountry "FRA"]

1. e4 c5 2. Nf3 Nc6 3. Nc3 Nf6 4. d4 cxd4 5. Nxd4 Qb6 6. Nxc6 Qxc6 7. e5 Ne4 8.
Bd2 Qb6 9. Nxe4 Qxb2 10. Bc3 Qa3 11. Qc1 Qa4 12. Bd3 e6 13. Qf4 Kd8 14. Qxf7 b6
15. Nd6 Bxd6 16. exd6 Re8 17. Qxg7 Qc6 18. Bf6+ 1-0

[Event "Championnat de France des Jeunes - Pous"]
[Site "LA ROCHE SUR YON"]
[Date "2008.04.25"]
[Round "6.10"]
[White "Bour, Valentine"]
[Black "Adam, Catherine"]
[Result "1-0"]
[WhiteElo "1440"]
[BlackElo "1270"]
[Annotator "Salaun,Michel"]
[PlyCount "77"]
[EventDate "2008.04.25"]
[EventType "swiss"]
[EventRounds "5"]
[EventCountry "FRA"]

1. d4 d5 2. Bf4 Nc6 3. e3 e5 4. dxe5 f6 5. Nf3 Bf5 6. Nbd2 Qd7 7. c4 O-O-O 8.
Be2 Bc5 9. O-O Re8 10. exf6 Nxf6 11. b3 Qf7 12. Ng5 Qg6 13. Bh5 Nxh5 14. cxd5
Ne5 15. Ngf3 Bh3 16. Nh4 Qf6 17. Qxh5 Bg4 18. Ne4 Qe7 19. Qg5 Qd7 20. Bxe5 h6
21. Qxg7 Be7 22. Nf6 Qb5 23. Nxe8 Rxe8 24. Qxg4+ Kb8 25. Ng6 Bb4 26. Rac1 Qxd5
27. Bxc7+ Ka8 28. Ne7 Bxe7 29. e4 Qd4 30. Qg6 Rf8 31. Qxh6 Rg8 32. Qe6 Bh4 33.
Qxg8+ Bd8 34. Qxd8+ Qxd8 35. Bxd8 a6 36. Bb6 Kb8 37. Rc2 a5 38. Rfc1 a4 39.
Rc8# 1-0

[Event "Championnat de France des Jeunes - Pous"]
[Site "LA ROCHE SUR YON"]
[Date "2008.04.25"]
[Round "6.9"]
[White "Craquelin, Mathie"]
[Black "Bellahcene, Anissa"]
[Result "1-0"]
[WhiteElo "1330"]
[BlackElo "1290"]
[Annotator "Salaun,Michel"]
[PlyCount "65"]
[EventDate "2008.04.25"]
[EventType "swiss"]
[EventRounds "5"]
[EventCountry "FRA"]

1. e4 e5 2. Nf3 Nc6 3. Nc3 Bc5 4. Nxe5 Nxe5 5. d4 Bd6 6. dxe5 Bxe5 7. Bd2 Nf6
8. Bc4 d6 9. Bg5 c6 10. f4 Bxc3+ 11. bxc3 h6 12. Bh4 Qb6 13. Bf2 c5 14. Rb1 Qc6
15. Bb5 Qxb5 16. Rxb5 Nxe4 17. Qd3 Bf5 18. Rxb7 O-O 19. O-O g6 20. Qd5 Nxc3 21.
Qc4 Ne4 22. Re1 Rae8 23. Bh4 Nd2 24. Qd5 Rxe1+ 25. Bxe1 Ne4 26. Bh4 Nc3 27.
Qxd6 Re8 28. Re7 Rc8 29. Bf6 Ne4 30. Qe5 Nd2 31. Re8+ Rxe8 32. Qxe8+ Kh7 33.
Qh8# 1-0

[Event "Championnat de France des Jeunes - Pous"]
[Site "LA ROCHE SUR YON"]
[Date "2008.04.25"]
[Round "5.6"]
[White "Le Berre, Audrey"]
[Black "Duval, Claire"]
[Result "1-0"]
[WhiteElo "1390"]
[BlackElo "1220"]
[Annotator "Salaun,Michel"]
[PlyCount "99"]
[EventDate "2008.04.25"]
[EventType "swiss"]
[EventRounds "5"]
[EventCountry "FRA"]

1. c4 e5 2. g3 f5 3. e3 Nf6 4. Bg2 e4 5. d3 Bb4+ 6. Nc3 Qe7 7. Nge2 Nc6 8. a3
Bxc3+ 9. Nxc3 d6 10. b3 a5 11. Bb2 O-O 12. Nd5 Nxd5 13. cxd5 Ne5 14. Bxe5 Qxe5
15. dxe4 fxe4 16. O-O b6 17. Qd4 Bf5 18. Qxe5 dxe5 19. Rad1 Rad8 20. h3 Rf6 21.
Rd2 c6 22. Rfd1 Rfd6 23. f3 cxd5 24. fxe4 Be6 25. exd5 Kf8 26. Bf3 Bxh3 27. Bg2
Bg4 28. Rf1+ Ke7 29. e4 Rc8 30. Rdf2 Bh5 31. Bh3 Rc3 32. Kh2 Rxb3 33. Rc2 Rxa3
34. Rc7+ Ke8 35. Rxg7 Bg6 36. Bf5 Ra2+ 37. Kg1 Bxf5 38. exf5 Kf8 39. Rxh7 Kg8
40. Rb7 Rh6 41. Rc1 Rf6 42. Rc8+ Rf8 43. Rcc7 Rxf5 44. d6 Ra1+ 45. Kg2 e4 46.
d7 Ra2+ 47. Kh3 Raf2 48. d8=Q+ Rf8 49. Qg5+ Kh8 50. Qg7# 1-0

[Event "Championnat de France des Jeunes - Pous"]
[Site "LA ROCHE SUR YON"]
[Date "2008.04.25"]
[Round "5.5"]
[White "Nord, Clara"]
[Black "Quelennec, Amelie"]
[Result "0-1"]
[WhiteElo "1280"]
[BlackElo "1400"]
[Annotator "Salaun,Michel"]
[PlyCount "84"]
[EventDate "2008.04.25"]
[EventType "swiss"]
[EventRounds "5"]
[EventCountry "FRA"]

1. e4 e5 2. Nf3 Nc6 3. Bb5 Bc5 4. O-O d6 5. d3 Bd7 6. Nc3 a6 7. Bxc6 bxc6 8. b3
Bg4 9. h3 Bh5 10. g4 Bg6 11. d4 exd4 12. Nxd4 Ne7 13. Be3 O-O 14. f3 h6 15. g5
hxg5 16. Bxg5 f6 17. Bf4 Bh5 18. Rf2 Ng6 19. Be3 Qd7 20. Kg2 Bxd4 21. Qxd4 Nh4+
22. Kg3 g5 23. Qd1 d5 24. exd5 Qd6+ 25. f4 Bxd1 26. Rxd1 Nf5+ 27. Kf3 Nxe3 28.
Kxe3 Rfe8+ 29. Kd3 Re7 30. Rh2 Qxf4 31. Rdh1 Re3+ 32. Kd2 Rxh3+ 33. Ke1 Rxh2
34. Rxh2 Qxh2 35. Ne2 Re8 36. Kd1 Qxe2+ 37. Kc1 Qf3 38. a4 Qc3 39. Kb1 Re2 (
39... Re1+) 40. Ka2 Rxc2+ 41. Ka3 a5 42. dxc6 Qb4# 0-1

[Event "Championnat de France des Jeunes - Pous"]
[Site "LA ROCHE SUR YON"]
[Date "2008.04.25"]
[Round "5.10"]
[White "Thomas, Apolline"]
[Black "Craquelin, Mathie"]
[Result "1-0"]
[WhiteElo "1100"]
[BlackElo "1330"]
[Annotator "Salaun,Michel"]
[PlyCount "75"]
[EventDate "2008.04.25"]
[EventType "swiss"]
[EventRounds "5"]
[EventCountry "FRA"]

1. e4 c5 2. Nf3 Nc6 3. Nc3 g6 4. Bc4 Bg7 5. d3 e6 6. Be3 d6 7. O-O Nge7 8. Qd2
d5 9. exd5 exd5 10. Bb5 d4 11. Bh6 O-O 12. Ne4 Nf5 13. Bxg7 Nxg7 14. Qh6 Ne6
15. Nfg5 Nxg5 16. Nxg5 Qxg5 17. Qxg5 Bd7 18. h3 a6 19. Bxc6 Bxc6 20. Qxc5 Rfe8
21. Rfe1 Rxe1+ 22. Rxe1 Rd8 23. Re7 Kg7 24. Qe5+ Kg8 25. Qf6 Bd5 26. c4 Be6 27.
Rxe6 fxe6 28. Qxd8+ Kf7 29. Qxd4 h5 30. Qf4+ Kg7 31. d4 b6 32. d5 exd5 33. cxd5
b5 34. d6 a5 35. d7 a4 36. d8=R Kh7 37. Rd7+ Kg8 38. Qb8# 1-0

[Event "Championnat de France des Jeunes - Pous"]
[Site "LA ROCHE SUR YON"]
[Date "2008.04.25"]
[Round "5.3"]
[White "Jacob, Eva"]
[Black "Bour, Valentine"]
[Result "1-0"]
[WhiteElo "1470"]
[BlackElo "1440"]
[Annotator "Salaun,Michel"]
[PlyCount "71"]
[EventDate "2008.04.25"]
[EventType "swiss"]
[EventRounds "5"]
[EventCountry "FRA"]

1. e4 c5 2. d4 cxd4 3. c3 dxc3 4. Nxc3 e5 5. Bc4 Nc6 6. Nf3 Be7 7. Qd5 d6 8.
Qxf7+ Kd7 9. Nb5 Nb4 10. O-O a6 11. Nxe5+ dxe5 12. Rd1+ Kc6 13. Rxd8 Bxd8 14.
Nc3 Nf6 15. Qxg7 Re8 16. Bf7 Re7 17. Qxf6+ Kc7 18. a3 Rd7 19. Qxe5+ Kc6 20. Be8
Nd3 21. Qd5+ Kc7 22. Bxd7 Nxc1 23. Rxc1 Bxd7 24. Qf7 Kb6 25. Qxd7 Bg5 26. Rc2
Rd8 27. Qe6+ Kc7 28. Qe5+ Kc6 29. Qxg5 Rd7 30. h4 b5 31. Qf5 Rg7 32. Qf6+ Kc5
33. Qxg7 (33. Nd5#) 33... a5 34. Qe5+ Kc4 35. Qxb5+ (35. Qd5#) 35... Kd4 36.
Qd5# 1-0

[Event "Championnat de France des Jeunes - Pous"]
[Site "LA ROCHE SUR YON"]
[Date "2008.04.25"]
[Round "5.1"]
[White "Imperor, Lorene"]
[Black "Auvray, Honorine"]
[Result "1/2-1/2"]
[WhiteElo "1530"]
[BlackElo "1716"]
[Annotator "Salaun,Michel"]
[PlyCount "66"]
[EventDate "2008.04.25"]
[EventType "swiss"]
[EventRounds "5"]
[EventCountry "FRA"]

1. f4 c5 2. e4 e6 3. Nf3 Nc6 4. Nc3 d5 5. exd5 exd5 6. d4 cxd4 7. Nxd4 Nf6 8.
Bb5 Bd7 9. O-O Be7 10. Be3 O-O 11. Qf3 Nxd4 12. Bxd4 Bc6 13. Bd3 Qd7 14. Qg3
Qg4 15. Qxg4 Nxg4 16. Rae1 Bf6 17. Bxf6 Nxf6 18. Ne2 b6 19. Nd4 Bb7 20. Re7
Rab8 21. Rfe1 Rfe8 22. Rxe8+ Rxe8 23. Rxe8+ Nxe8 24. Nf5 g6 25. Ne3 Kg7 26. f5
Nd6 27. fxg6 hxg6 28. Kf2 f5 29. g4 f4 30. Ng2 Ne4+ 31. Bxe4 dxe4 32. Nxf4 Kf6
33. Ke3 g5 {(=)} 1/2-1/2

[Event "Championnat de France des Jeunes - Pous"]
[Site "LA ROCHE SUR YON"]
[Date "2008.04.25"]
[Round "5.7"]
[White "Thami, Meissane"]
[Black "Mechaly, Lisa"]
[Result "1-0"]
[WhiteElo "1370"]
[BlackElo "1250"]
[Annotator "Salaun,Michel"]
[PlyCount "65"]
[EventDate "2008.04.25"]
[EventType "swiss"]
[EventRounds "5"]
[EventCountry "FRA"]

1. c4 e5 2. g3 Nc6 3. Bg2 Nf6 4. b3 Bb4 5. a3 Be7 6. Bb2 d6 7. d3 Be6 8. Nd2
O-O 9. Ngf3 d5 10. Rc1 dxc4 11. bxc4 Na5 12. Nxe5 c6 13. c5 b6 14. Bxc6 Nxc6
15. Nxc6 Qc7 16. Nxe7+ Qxe7 17. c6 Rac8 18. Qa4 a5 19. O-O Bd5 20. Bxf6 Qxf6
21. c7 Qh6 22. e4 Qxd2 23. exd5 Qxd3 24. Rfd1 Qf3 25. d6 h6 26. d7 Rcd8 27.
cxd8=Q Rxd8 28. Rc8 Rxc8 29. dxc8=Q+ Kh7 30. Qce8 b5 31. Qae4+ Qxe4 32. Qxe4+
Kh8 33. Rd8# 1-0

[Event "Championnat de France des Jeunes - Pous"]
[Site "LA ROCHE SUR YON"]
[Date "2008.05.25"]
[Round "5.9"]
[White "Garnier, Fiona"]
[Black "Wojnowska, Natalia"]
[Result "0-1"]
[WhiteElo "1120"]
[BlackElo "1340"]
[Annotator "Salaun,Michel"]
[PlyCount "64"]
[EventDate "2008.04.25"]
[EventType "swiss"]
[EventRounds "5"]
[EventCountry "FRA"]

1. e4 c5 2. Nf3 e6 3. Nc3 Nf6 4. e5 Nd5 5. Nxd5 exd5 6. d4 cxd4 7. Qxd4 Nc6 8.
Qxd5 Be7 9. Bc4 O-O 10. Qe4 b5 11. Bd3 g6 12. Bd2 a6 13. Bh6 Re8 14. Qg4 d5 15.
Qg3 Bf6 16. O-O Nxe5 17. Bg5 Nxf3+ 18. Qxf3 Bxg5 19. Rad1 h5 20. Be4 Bg4 21.
Qb3 Bxd1 22. Bxd5 Kg7 23. Rxd1 Rc8 24. c4 bxc4 25. Bxc4 Rxc4 26. h3 Qc7 27. Qd3
Rc1 28. Qd4+ Bf6 29. Qd2 Bg5 30. Qd4+ f6 31. h4 Re1+ 32. Rxe1 Rxe1# 0-1

[Event "Championnat de France des Jeunes - Pous"]
[Site "LA ROCHE SUR YON"]
[Date "2008.04.25"]
[Round "5.4"]
[White "Duffaud, Celia"]
[Black "Azouni, Anais"]
[Result "1-0"]
[WhiteElo "1400"]
[BlackElo "1280"]
[Annotator "Salaun,Michel"]
[PlyCount "51"]
[EventDate "2008.04.25"]
[EventType "swiss"]
[EventRounds "5"]
[EventCountry "FRA"]

1. e4 e6 2. d4 d5 3. e5 b6 4. Nf3 Ba6 5. Bxa6 Nxa6 6. O-O Ne7 7. Nc3 Ng6 8. Bd2
Be7 9. Qe2 Nb8 10. Be3 O-O 11. Nd2 Nc6 12. f4 Nb4 13. Rac1 Re8 14. a3 Nc6 15.
f5 exf5 16. Rxf5 a5 17. Rcf1 Rf8 18. Qh5 Nh8 19. R1f3 g6 20. Qg4 h5 21. Qg3 Bh4
22. Qf4 gxf5 23. Qxf5 Ne7 24. Qxh5 Neg6 25. Rh3 Be1 26. Qh7# 1-0

[Event "Championnat de France des Jeunes - Pous"]
[Site "LA ROCHE SUR YON"]
[Date "2008.04.25"]
[Round "5.2"]
[White "Joudelat, Noemie"]
[Black "Baldi, Valentine"]
[Result "1/2-1/2"]
[WhiteElo "1540"]
[BlackElo "1400"]
[Annotator "Salaun,Michel"]
[PlyCount "43"]
[EventDate "2008.04.25"]
[EventType "swiss"]
[EventRounds "5"]
[EventCountry "FRA"]

1. e4 d6 2. Nf3 g6 3. d4 Bg7 4. Nc3 Nf6 5. Bc4 O-O 6. O-O c5 7. d5 Re8 8. Bf4
a6 9. a4 Qb6 10. Bb3 a5 11. Qd2 Qb4 12. Rfe1 c4 13. Ba2 Nfd7 14. Bh6 Bxh6 15.
Qxh6 Qxb2 16. Ng5 Nf8 17. Nb5 Rd8 18. c3 Qd2 19. Qh4 Qc2 20. Qf4 f6 21. Nf3
Qxa4 22. Nc7 {(=)} 1/2-1/2

[Event "Championnat de France des Jeunes - Pous"]
[Site "LA ROCHE SUR YON"]
[Date "2008.04.25"]
[Round "5.8"]
[White "Moisset, Lola"]
[Black "Pauvert, Gabrielle"]
[Result "0-1"]
[WhiteElo "1210"]
[BlackElo "1350"]
[Annotator "Salaun,Michel"]
[PlyCount "38"]
[EventDate "2008.04.25"]
[EventType "swiss"]
[EventRounds "5"]
[EventCountry "FRA"]

1. e4 d5 2. exd5 Nf6 3. Nc3 Nxd5 4. Nxd5 Qxd5 5. c4 Qd8 6. Nf3 Nc6 7. Bd3 Qxd3
8. c5 b6 9. cxb6 axb6 10. Ng5 Nb4 11. Qf3 Qxf3 12. gxf3 Nc2+ 13. Kd1 Nxa1 14.
d4 Bb7 15. Be3 h6 16. Nh3 Bxf3+ 17. Kd2 Bxh1 18. Nf4 e6 19. Kc1 Be4 0-1